[Event "IND-ch U15"]
[Site "Kolkata"]
[Date "2018.07.22"]
[Round "8"]
[White "Harshavardhan, GB."]
[Black "Jagadish, P."]
[Result "1-0"]
[WhiteElo "2194"]
[BlackElo "1867"]
[PlyCount "125"]
[EventDate "2018.07.17"]
[EventType "swiss"]
[EventRounds "11"]
[EventCountry "IND"]
[SourceTitle "CBM 186 Extra"]
[Source "ChessBase"]
[SourceDate "2018.08.24"]
[SourceVersion "1"]
[SourceVersionDate "2018.08.24"]
[SourceQuality "1"]

1. e4 e5 2. Nf3 Nc6 3. Bb5 a6 4. Ba4 Nf6 5. Qe2 b5 6. Bb3 Be7 7. c3 d6 8. d4 Bg4 9. Be3 d5 10. exd5 Nxd5 11. h3 exd4 12. cxd4 Be6 13. Nc3 0-0 14. 0-0 Bf6 15. Rfc1 Re8 16. Ne4 Ndb4 17. Nxf6+ Qxf6 18. Rxc6 Nxc6 19. d5 Bd7 20. dxc6 Bxc6 21. Ne1 a5 22. Rc1 Rad8 23. Qh5 g6 24. Qg5 Rd6 25. Qxf6 Rxf6 26. Nd3 Rd6 27. Bf4 Rxd3 28. Rxc6 a4 29. Bc2 Rd7 30. Be3 Re5 31. Kf1 f5 32. g3 Kf7 33. Ke2 f4 34. gxf4 Rh5 35. f5 gxf5 36. Rc5 Rh4 37. Rxf5+ Ke6 38. Rxb5 Rd5 39. Rxd5 Kxd5 40. a3 Rxh3 41. Bxa4 h5 42. Bb3+ Ke5 43. a4 Rh1 44. Bc2 h4 45. Kf3 h3 46. Kg3 h2 47. Kg2 Re1 48. Kxh2 Re2 49. Bd3 Rxb2 50. a5 Kd5 51. Kg3 c5 52. Kf4 Ra2 53. a6 Ra3 54. Be4+ Kd6 55. Bb7 Ra4+ 56. Kf3 Ra5 57. Bf4+ Kd7 58. Bb8 Ra3+ 59. Ke4 Ra4+ 60. Kd5 Rd4+ 61. Kxc5 Rd1 62. a7 Rc1+ 63. Kd4 1-0